Mirror signal manoeuvre (Record no. 112049)

MARC details
000 -LEADER
fixed length control field 01150cad a22002055a 4500
001 - CONTROL NUMBER
control field L152415
008 - FIXED-LENGTH DATA ELEMENTS--GENERAL INFORMATION
fixed length control field 110304s2011 xxk f 000 0 eng d
035 ## - SYSTEM CONTROL NUMBER
System control number (Sirsi) u152415
041 0# - LANGUAGE CODE
Language code of text/sound track or separate title eng
050 04 - LIBRARY OF CONGRESS CALL NUMBER
Classification number 306.1 $2 18
110 2# - MAIN ENTRY--CORPORATE NAME
Corporate name or jurisdiction name as entry element Family Mosaic
9 (RLIN) 5923
245 00 - TITLE STATEMENT
Title Mirror signal manoeuvre
Remainder of title our drive to provide more social housing
Medium [electronic resource]
260 ## - PUBLICATION, DISTRIBUTION, ETC.
Place of publication, distribution, etc. London
Name of publisher, distributor, etc. Family Mosaic
Date of publication, distribution, etc. 2011
520 ## - SUMMARY, ETC.
Summary, etc. Reports on the results of research undertaken to evaluate how the introduction of affordable rents model allowing social housing providers to offer properties to rent for up to 80% of market rent to new tenants. Assesses the impact of charging between 60% and 80% of market rent on a sample of 50 new tenants and whether the proposed new affordable housing model reduces or increases the proverty trap and dependency on housing benefit.
590 ## - LOCAL NOTE (RLIN)
Local note KA NTK
651 #4 - SUBJECT ADDED ENTRY--GEOGRAPHIC NAME
Geographic name England
Chronological subdivision 886-
690 ## - LOCAL SUBJECT ADDED ENTRY--TOPICAL TERM (OCLC, RLIN)
Topical term or geographic name as entry element PROPERTY-RESIDENTIAL PROPERTY-DOMESTIC RESIDENTIAL PROPERTY-HOUSING
856 40 - ELECTRONIC LOCATION AND ACCESS
Uniform Resource Identifier <a href="https://www.familymosaic.co.uk/documents/FM_MSM_final_interactive_2up.pdf">https://www.familymosaic.co.uk/documents/FM_MSM_final_interactive_2up.pdf</a>
Public note View the item free of charge at www.familymosaic.co.uk
942 ## - ADDED ENTRY ELEMENTS (KOHA)
Suppress in OPAC 0
Holdings
Withdrawn status Lost status Source of classification or shelving scheme Damaged status Not for loan Home library Current library Shelving location Date acquired Total Checkouts Full call number Barcode Date last seen Copy number Price effective from Koha item type
    Dewey Decimal Classification     Virtual Virtual Online 04/03/2011   ONLINE PUBLICATION 152415-2001 06/08/2019 1 06/08/2019 Book